000 00650nam a2200277Ia 4500
005 20260324111948.0
008 008 260324s9999 xx 000 0 eng d
020 _a9781003248255
037 _aEBOOK
040 _aCRL
040 _beng
040 _cCRL
041 _2eng
041 _aeng
084 _qCRL
100 _aMaciej Bernatt; Laura Zoboli
_91140729
245 0 _aData Sharing Regulation in Europe
260 _bTaylor and Francis
260 _c2025
365 _a
365 _b230
856 _uhttp://www.taylorfrancis.com/books/9781003248255
942 _cEBOOK
999 _c1729738
_d1729738